| 000 -LEADER |
| fixed length control field |
00836nam a2200229 a 4500 |
| 003 - CONTROL NUMBER IDENTIFIER |
| control field |
AR-BaISA |
| 005 - DATE AND TIME OF LATEST TRANSACTION |
| control field |
20241106180923.0 |
| 006 - FIXED-LENGTH DATA ELEMENTS--ADDITIONAL MATERIAL CHARACTERISTICS |
| fixed length control field |
aado fr|||| 000 0 |
| 007 - PHYSICAL DESCRIPTION FIXED FIELD--GENERAL INFORMATION |
| fixed length control field |
ta |
| 008 - FIXED-LENGTH DATA ELEMENTS--GENERAL INFORMATION |
| fixed length control field |
241106s2004 ag ado|f |||| 000 0 spa d |
| 020 ## - INTERNATIONAL STANDARD BOOK NUMBER |
| International Standard Book Number |
8401655 (Obra Completa) |
| 040 ## - CATALOGING SOURCE |
| Language of cataloging |
spa |
| Transcribing agency |
AR-BaISA |
| 082 04 - DEWEY DECIMAL CLASSIFICATION NUMBER |
| Edition number |
22 |
| Classification number |
616.722 3 Ex71 |
| 245 00 - TITLE STATEMENT |
| Title |
Osteoartrosis |
| 260 ## - PUBLICATION, DISTRIBUTION, ETC. |
| Place of publication, distribution, etc. |
[París]: |
| Name of publisher, distributor, etc. |
Expascience, |
| Date of publication, distribution, etc. |
2004 |
| 300 ## - PHYSICAL DESCRIPTION |
| Extent |
4 vol. |
| Other physical details |
il., graf., tablas., fotos. |
| 500 ## - GENERAL NOTE |
| General note |
El material contiene 4 volúmenes, |
| 505 ## - FORMATTED CONTENTS NOTE |
| Title |
OSTEOARTROSIS: PREGUNTAS Y RESPUESTAS -- |
| -- |
TRATAMIENTO DE LA OSTEOARTROSIS -- |
| -- |
OSTEOARTROSIS: ENFERMEDAD DE LOS TIEMPOS MODERNOS -- |
| -- |
MÉTODOS PARA EVALUAR LOS TRATAMIENTOS INDICADOS EN ARTROSIS |
| 650 14 - SUBJECT ADDED ENTRY--TOPICAL TERM |
| 9 (RLIN) |
3541 |
| Topical term or geographic name entry element |
Osteoartrosis |
| Form subdivision |
tratamiento |
| 650 14 - SUBJECT ADDED ENTRY--TOPICAL TERM |
| 9 (RLIN) |
3541 |
| Topical term or geographic name entry element |
Osteoartrosis |
| Form subdivision |
métodos y técnicas |
| 942 ## - ADDED ENTRY ELEMENTS (KOHA) |
| Source of classification or shelving scheme |
|
| Koha item type |
Libros |
| Edition |
22 |